[Event "Koge Lang Sommer 3rd"]
[Site "Koge"]
[Date "2022.07.06"]
[Round "2"]
[White "Strange, Mikkel"]
[Black "Hari, Charan Sai Kalluri"]
[Result "1-0"]
[WhiteElo "2329"]
[BlackElo "2041"]
[PlyCount "61"]
[EventDate "2022.07.06"]
[EventType "tourn"]
[EventRounds "9"]
[EventCountry "DEN"]
[SourceTitle "CBM 209 Extra"]
[Source "ChessBase"]
[SourceDate "2022.09.30"]
[SourceVersion "1"]
[SourceVersionDate "2022.09.30"]
[SourceQuality "1"]

1. e4 c5 2. c3 d5 3. exd5 Qxd5 4. d4 Nc6 5. Nf3 Bf5 6. Be3 cxd4 7. Nxd4 Rd8 8. Nd2 Nf6 9. Nxf5 Qxf5 10. Qb3 Qc8 11. Bb5 a6 12. Bc4 e6 13. Bb6 Rd7 14. 0-0-0 Bd6 15. Kb1 0-0 16. Nf3 Bc7 17. Rxd7 Nxd7 18. Bxc7 Qxc7 19. Be2 Rd8 20. g3 Nf6 21. Qc2 Ne5 22. Nd4 Nd5 23. Rd1 Nc4 24. a4 Qc5 25. Nb3 Qc6 26. Rd4 Nd6 27. Bf3 Nf5 28. Rxd5 exd5 29. Qxf5 Qe6 30. Qg5 f6 31. Qe3 1-0

[Event "DEN-chB"]
[Site "Svendborg"]
[Date "2021.10.24"]
[Round "7"]
[White "Strange, Mikkel"]
[Black "Jensen, Bjarke"]
[Result "0-1"]
[WhiteElo "2257"]
[BlackElo "2349"]
[PlyCount "80"]
[EventDate "2021.10.18"]
[EventType "swiss"]
[EventRounds "7"]
[EventCountry "DEN"]
[SourceTitle "EXT 2023"]
[Source "ChessBase"]
[SourceDate "2022.10.05"]
[SourceVersion "1"]
[SourceVersionDate "2022.10.05"]
[SourceQuality "1"]

1. e4 c5 2. c3 d5 3. exd5 Qxd5 4. d4 Nf6 5. Nf3 e6 6. Be2 Nc6 7. 0-0 Be7 8. a3 0-0 9. c4 Qf5 10. Nc3 cxd4 11. Nxd4 Nxd4 12. Qxd4 Rd8 13. Qf4 e5 14. Qxf5 Bxf5 15. Be3 Bg4 16. Bxg4 Nxg4 17. Nd5 Kf8 18. b4 Nxe3 19. fxe3 Rac8 20. Nxe7 Kxe7 21. c5 Rd3 22. Kf2 Rd2+ 23. Kf3 Rc6 24. Rad1 Ra2 25. Ke4 Rxa3 26. Rd5 Rb3 27. Rxe5+ Re6 28. Kd5 Rxe5+ 29. Kxe5 Rxb4 30. Rf2 a6 31. Rc2 Kd7 32. Kd5 Rb5 33. Kd4 Kc6 34. e4 f6 35. h4 Rb4+ 36. Kd3 a5 37. h5 h6 38. g4 a4 39. Rc1 a3 40. Ra1 Ra4 0-1

[Event "DEN-chB"]
[Site "Svendborg"]
[Date "2021.10.23"]
[Round "6"]
[White "Meskenas, Paulius"]
[Black "Strange, Mikkel"]
[Result "0-1"]
[WhiteElo "2044"]
[BlackElo "2257"]
[PlyCount "140"]
[EventDate "2021.10.18"]
[EventType "swiss"]
[EventRounds "7"]
[EventCountry "DEN"]
[SourceTitle "EXT 2023"]
[Source "ChessBase"]
[SourceDate "2022.10.05"]
[SourceVersion "1"]
[SourceVersionDate "2022.10.05"]
[SourceQuality "1"]

1. d4 d5 2. Bf4 Nf6 3. Nf3 c5 4. e3 e6 5. c3 Bd6 6. Bg3 0-0 7. Nbd2 b6 8. Bd3 Ba6 9. Qe2 Bxd3 10. Qxd3 Nc6 11. Bh4 Be7 12. h3 Nd7 13. Bg3 c4 14. Qc2 f5 15. h4 Nf6 16. Ng5 Qd7 17. Ndf3 b5 18. Nh3 b4 19. 0-0 Ne4 20. Bf4 a5 21. a3 bxc3 22. bxc3 Bd6 23. Nd2 Nxd2 24. Qxd2 Rab8 25. Bxd6 Qxd6 26. Qc2 Rb3 27. a4 Rfb8 28. Ra2 R8b6 29. Nf4 Nd8 30. g3 Qb8 31. Raa1 Rb2 32. Qc1 Qd6 33. Qd1 Nf7 34. Qf3 Nh6 35. Qh5 Nf7 36. Qf3 Qe7 37. Ng2 Nh6 38. Qf4 Ng4 39. f3 Nf6 40. g4 fxg4 41. fxg4 Ne4 42. Rac1 Rd2 43. Rb1 g5 44. hxg5 Rdb2 45. Rxb2 Rxb2 46. Qe5 Nxg5 47. Rf6 Qg7 48. Kf1 Rb6 49. Nf4 Nf3 50. Nh5 Nxe5 51. Nxg7 Nxg4 52. Rf4 Nxe3+ 53. Ke2 Kxg7 54. Kxe3 Rb2 55. Rg4+ Kf6 56. Rh4 Rc2 57. Rxh7 Rxc3+ 58. Kf4 Rd3 59. Ra7 Rxd4+ 60. Ke3 Ke5 61. Rxa5 c3 62. Ke2 Ke4 63. Rc5 Rxa4 64. Rxc3 Ra2+ 65. Kd1 d4 66. Rh3 e5 67. Ke1 d3 68. Kd1 Kd4 69. Rh7 e4 70. Rh8 Ra1+ 0-1

[Event "DEN-chB"]
[Site "Svendborg"]
[Date "2021.10.18"]
[Round "1"]
[White "Strange, Mikkel"]
[Black "Nilssen, Ellen Fredericia"]
[Result "1-0"]
[WhiteElo "2257"]
[BlackElo "2081"]
[PlyCount "97"]
[EventDate "2021.10.18"]
[EventType "swiss"]
[EventRounds "7"]
[EventCountry "DEN"]
[SourceTitle "EXT 2023"]
[Source "ChessBase"]
[SourceDate "2022.10.05"]
[SourceVersion "1"]
[SourceVersionDate "2022.10.05"]
[SourceQuality "1"]

1. e4 c5 2. c3 e6 3. d3 d5 4. Nd2 Nf6 5. Ngf3 Nc6 6. Qc2 Be7 7. Be2 h6 8. 0-0 b6 9. Re1 Bb7 10. b3 Qc7 11. Bb2 0-0-0 12. exd5 Nxd5 13. d4 cxd4 14. cxd4 Kb8 15. Rac1 Rc8 16. a3 Rhd8 17. b4 Nf4 18. Bf1 g5 19. Qa4 Qd7 20. Bb5 Qd5 21. Bc4 Qf5 22. d5 Qg4 23. g3 Nxd5 24. Bb5 Nf4 25. Bxc6 Rxc6 26. Rxc6 Nh3+ 27. Kf1 Qf5 28. Be5+ Ka8 29. Qc2 g4 30. Qxf5 exf5 31. Rxh6 gxf3 32. Nxf3 Bxf3 33. Rxh3 Rd3 34. Rh8+ Kb7 35. b5 a6 36. a4 Bc5 37. Bf4 Rb3 38. Be3 Bb4 39. Bd2 Bc5 40. h4 axb5 41. axb5 Rxb5 42. h5 Rb2 43. Be3 Bb4 44. Rc1 Ba3 45. h6 Ra2 46. Rb1 Bb2 47. Re8 Be4 48. Rxe4 fxe4 49. Rxb2 1-0

[Event "Allerod Nordsjalland op-A"]
[Site "Allerod"]
[Date "2020.01.05"]
[Round "4.6"]
[White "Strange, Mikkel"]
[Black "Nilssen, Ellen Fredericia"]
[Result "1-0"]
[WhiteElo "2338"]
[BlackElo "2061"]
[PlyCount "111"]
[EventDate "2020.01.03"]
[EventType "swiss"]
[EventRounds "5"]
[EventCountry "DEN"]
[SourceTitle "EXT 2023"]
[Source "ChessBase"]
[SourceDate "2022.10.05"]
[SourceVersion "1"]
[SourceVersionDate "2022.10.05"]
[SourceQuality "1"]

1. Nf3 e6 2. d4 d5 3. e3 Nf6 4. Be2 c5 5. 0-0 Bd6 6. a3 0-0 7. dxc5 Bxc5 8. b4 Bd6 9. Bb2 Qe7 10. Nbd2 Rd8 11. c4 dxc4 12. Bxc4 Nbd7 13. Qe2 a6 14. e4 Ng4 15. Rfd1 Nge5 16. Ba2 b5 17. Nd4 Bb7 18. f4 Ng6 19. g3 Bxf4 20. gxf4 Nxf4 21. Qg4 Ne5 22. Qxf4 Nd3 23. Qe3 Nxb2 24. Rf1 Rxd4 25. Qxd4 Rd8 26. Bd5 exd5 27. e5 Nc4 28. Nf3 Bc8 29. a4 h6 30. axb5 axb5 31. Qf4 Re8 32. Rae1 Be6 33. Nd4 Qg5+ 34. Qxg5 hxg5 35. Rf2 Bd7 36. Rfe2 Kh7 37. e6 fxe6 38. Nxe6 Bxe6 39. Rxe6 Rd8 40. Re8 Rd7 41. R1e7 Rd6 42. Re6 Rd7 43. R8e7 Rd8 44. Rc7 d4 45. Ree7 Nb6 46. Rxg7+ Kh6 47. Rh7+ Kg6 48. Rcg7+ Kf5 49. Rh5 d3 50. Rhxg5+ Kf4 51. Rg4+ Kf3 52. Rg3+ Kf4 53. R7g4+ Kf5 54. Rg5+ Kf4 55. Kf2 d2 56. R3g4# 1-0

[Event "Copenhagen Challenge"]
[Site "Ballerup"]
[Date "2019.05.16"]
[Round "3"]
[White "Chatalbashev, Boris"]
[Black "Strange, Mikkel"]
[Result "1/2-1/2"]
[WhiteElo "2514"]
[BlackElo "2368"]
[PlyCount "108"]
[EventDate "2019.05.15"]
[EventType "swiss"]
[EventRounds "9"]
[EventCountry "DEN"]
[SourceTitle "CBM 190 Extra"]
[Source "ChessBase"]
[SourceDate "2019.07.15"]
[SourceVersion "1"]
[SourceVersionDate "2019.07.15"]
[SourceQuality "1"]

1. d4 d5 2. c4 e6 3. Nc3 c5 4. cxd5 exd5 5. Nf3 Nc6 6. g3 Nf6 7. Bg2 Be7 8. 0-0 0-0 9. dxc5 Bxc5 10. Na4 Be7 11. Be3 Re8 12. Rc1 Bg4 13. h3 Bxf3 14. Bxf3 Qd7 15. Bg2 b6 16. Bxb6 axb6 17. Nxb6 Qe6 18. Nxd5 Rac8 19. Nf4 Qxa2 20. Bxc6 Red8 21. Qc2 Rb8 22. Nd3 Rdc8 23. Qc4 Qa5 24. Qf4 Qh5 25. Bg2 Qxe2 26. Rxc8+ Rxc8 27. Qf5 Rd8 28. Re1 Qxd3 29. Qxd3 Rxd3 30. Rxe7 Rd1+ 31. Bf1 Kf8 32. Re2 g5 33. Kg2 Nd7 34. b4 Rb1 35. Rd2 Ke7 36. b5 Ne5 37. Be2 f5 38. f4 gxf4 39. gxf4 Ng6 40. Rd4 Nf8 41. Rd5 Rb2 42. Kf3 Ne6 43. Bd3 Rb4 44. Bxf5 Nxf4 45. Rd7+ Kf6 46. Bxh7 Nxh3 47. Bd3 Nf4 48. Bf1 Ke5 49. Ke3 Nd5+ 50. Kd2 Kd4 51. Kc1 Kc5 52. Bd3 Nc3 53. Rc7+ Kd4 54. Rd7+ Kc5 1/2-1/2

[Event "Nordsjalland Weekend-A"]
[Site "Allerod"]
[Date "2019.01.05"]
[Round "2"]
[White "Strange, Mikkel"]
[Black "Hector, Jonny"]
[Result "1/2-1/2"]
[WhiteElo "2364"]
[BlackElo "2492"]
[PlyCount "115"]
[EventDate "2019.01.04"]
[EventType "swiss"]
[EventRounds "5"]
[EventCountry "DEN"]
[SourceTitle "CBM 189 Extra"]
[Source "ChessBase"]
[SourceDate "2019.06.03"]
[SourceVersion "1"]
[SourceVersionDate "2019.06.03"]
[SourceQuality "1"]

1. e4 e5 2. f4 d5 3. exd5 e4 4. d3 Nf6 5. dxe4 Nxe4 6. Nf3 Be7 7. Be3 0-0 8. Bc4 Bf6 9. Bd4 c6 10. Bxf6 Nxf6 11. Nc3 b5 12. Bb3 Qb6 13. dxc6 Nxc6 14. Nd5 Nxd5 15. Qxd5 Be6 16. Qd2 Bxb3 17. axb3 Rfe8+ 18. Kf1 Red8 19. Qf2 Qc7 20. g3 Nb4 21. Kg2 Nxc2 22. Rac1 Rac8 23. Rhd1 Rxd1 24. Rxd1 Nb4 25. Qd4 a5 26. h4 h6 27. Rd2 Re8 28. Ne5 Qb7+ 29. Kh2 h5 30. Qd7 Qxd7 31. Nxd7 Na2 32. Kg2 Nc1 33. Kf2 Nxb3 34. Rd5 b4 35. Nc5 Nxc5 36. Rxc5 Ra8 37. b3 g6 38. f5 Kg7 39. Kf3 Ra6 40. fxg6 fxg6 41. Ke4 Kf6 42. Kd4 a4 43. bxa4 Rxa4 44. Rc6+ Kg7 45. Rb6 Ra3 46. Rxb4 Rxg3 47. Ke5 g5 48. Kf5 gxh4 49. Rb7+ Kh6 50. Rb6+ Kh7 51. Rb7+ Rg7 52. Rxg7+ Kxg7 53. Kf4 Kf6 54. Kf3 Kg5 55. Kg2 Kg4 56. Kh2 h3 57. Kh1 Kg3 58. Kg1 1/2-1/2

[Event "Lund CellaVision Cup"]
[Site "Lund"]
[Date "2018.08.05"]
[Round "7"]
[White "Ahlander, Bjorn"]
[Black "Strange, Mikkel"]
[Result "1-0"]
[WhiteElo "2433"]
[BlackElo "2257"]
[PlyCount "121"]
[EventDate "2018.08.03"]
[EventType "swiss"]
[EventRounds "8"]
[EventCountry "SWE"]
[SourceTitle "CBM 186 Extra"]
[Source "ChessBase"]
[SourceDate "2018.08.24"]
[SourceVersion "1"]
[SourceVersionDate "2018.08.24"]
[SourceQuality "1"]

1. d4 d5 2. c4 e6 3. Nc3 c5 4. cxd5 exd5 5. Nf3 Nc6 6. g3 Nf6 7. Bg2 Be7 8. 0-0 0-0 9. dxc5 Bxc5 10. b3 Be6 11. Bb2 Qd7 12. Rc1 Be7 13. Ng5 Rad8 14. Nxe6 Qxe6 15. Nb5 Ne4 16. Nd4 Nxd4 17. Bxd4 Bf6 18. Qd3 Bxd4 19. Qxd4 Qa6 20. Rc2 Nf6 21. Rfc1 h6 22. e3 Rd7 23. a4 Rd6 24. Rc5 Rfd8 25. Bf1 Qb6 26. b4 a6 27. a5 Qa7 28. Bd3 g6 29. Kg2 Kg7 30. h3 R8d7 31. g4 Rd8 32. h4 Kg8 33. g5 hxg5 34. hxg5 Nh5 35. Be2 b5 36. Bxh5 gxh5 37. Rh1 Qe7 38. Rxh5 Qe4+ 39. Qxe4 dxe4 40. Re5 Re6 41. Rxe6 fxe6 42. Rh4 Rd5 43. Rg4 Kg7 44. g6 Rf5 45. Rxe4 Rg5+ 46. Kf3 Rf5+ 47. Rf4 Rh5 48. Rg4 Rf5+ 49. Ke2 Rd5 50. Rd4 Rh5 51. Rd6 e5 52. Rxa6 Rh4 53. Re6 Rxb4 54. Rxe5 Kxg6 55. f4 Rb1 56. Kd3 b4 57. Rb5 b3 58. a6 b2 59. Ke4 Kf6 60. Rb6+ Ke7 61. a7 1-0

[Event "Lund CellaVision Cup"]
[Site "Lund"]
[Date "2018.08.04"]
[Round "6"]
[White "Strange, Mikkel"]
[Black "Hansen, Sune Berg"]
[Result "1/2-1/2"]
[WhiteElo "2257"]
[BlackElo "2589"]
[PlyCount "86"]
[EventDate "2018.08.03"]
[EventType "swiss"]
[EventRounds "8"]
[EventCountry "SWE"]
[SourceTitle "CBM 186 Extra"]
[Source "ChessBase"]
[SourceDate "2018.08.24"]
[SourceVersion "1"]
[SourceVersionDate "2018.08.24"]
[SourceQuality "1"]

1. e4 c5 2. c3 Nf6 3. e5 Nd5 4. d4 cxd4 5. cxd4 d6 6. Nf3 Nc6 7. Bc4 dxe5 8. Nxe5 e6 9. 0-0 Be7 10. a3 0-0 11. Nxc6 bxc6 12. Bd3 g6 13. Nd2 Nf4 14. Nf3 Nxd3 15. Qxd3 Qd5 16. Re1 f6 17. Bd2 a5 18. Rac1 Bd6 19. Qe4 Bd7 20. Bf4 Qxe4 21. Rxe4 Bxf4 22. Rxf4 Rab8 23. Rc2 Rb5 24. Rd2 g5 25. Re4 Rd8 26. h4 h6 27. hxg5 hxg5 28. Ne1 Kf7 29. f4 Bc8 30. fxg5 Rxg5 31. Nf3 Rgd5 32. Rf2 Ke7 33. Rh4 Rf8 34. Rh7+ Rf7 35. Rxf7+ Kxf7 36. Rc2 Bb7 37. Kf2 Ke7 38. Ke3 Rb5 39. Nd2 e5 40. dxe5 Rxe5+ 41. Kf2 Rf5+ 42. Nf3 Kd6 43. Ke3 c5 1/2-1/2

[Event "Lund CellaVision Cup"]
[Site "Lund"]
[Date "2018.08.03"]
[Round "4"]
[White "Strange, Mikkel"]
[Black "Hector, Jonny"]
[Result "0-1"]
[WhiteElo "2257"]
[BlackElo "2556"]
[PlyCount "86"]
[EventDate "2018.08.03"]
[EventType "swiss"]
[EventRounds "8"]
[EventCountry "SWE"]
[SourceTitle "CBM 186 Extra"]
[Source "ChessBase"]
[SourceDate "2018.08.24"]
[SourceVersion "1"]
[SourceVersionDate "2018.08.24"]
[SourceQuality "1"]

1. e4 e5 2. Nf3 Nc6 3. Bc4 Nf6 4. Ng5 d5 5. exd5 Na5 6. Bb5+ Bd7 7. Qe2 Be7 8. Nc3 0-0 9. Bxd7 Qxd7 10. 0-0 Nxd5 11. d3 Nc6 12. Nxd5 Qxd5 13. Qe4 Qxe4 14. dxe4 Nd4 15. Nf3 Nxc2 16. Rb1 Bd6 17. Rd1 Nb4 18. a3 Nc6 19. Be3 f6 20. Kf1 Rfd8 21. Ke2 Kf7 22. Rd3 a5 23. Rb3 b6 24. Rc1 a4 25. Rbc3 Na5 26. Rxc7+ Bxc7 27. Rxc7+ Kg8 28. Bxb6 Rdb8 29. Bxa5 Rxa5 30. Nh4 Rab5 31. Nf5 Rxb2+ 32. Kf3 R2b7 33. Rc4 Rb3+ 34. Kg4 g6 35. Ne7+ Kg7 36. Nd5 h5+ 37. Kh4 Rxa3 38. Rc7+ Kh6 39. f3 Rf8 40. h3 Ra2 41. f4 Rxg2 42. Rc6 exf4 43. Nxf6 g5# 0-1

[Event "Copenhagen Challenge"]
[Site "Ballerup"]
[Date "2018.04.27"]
[Round "4"]
[White "Strange, Mikkel"]
[Black "Hector, Jonny"]
[Result "1/2-1/2"]
[WhiteElo "2363"]
[BlackElo "2502"]
[PlyCount "174"]
[EventDate "2018.04.25"]
[EventType "swiss"]
[EventRounds "9"]
[EventCountry "DEN"]
[SourceTitle "CBM 184 Extra"]
[Source "ChessBase"]
[SourceDate "2018.06.28"]
[SourceVersion "1"]
[SourceVersionDate "2018.06.28"]
[SourceQuality "1"]

1. e4 e5 2. Nf3 Nc6 3. Bc4 Nf6 4. Ng5 d5 5. exd5 Na5 6. Bb5+ c6 7. dxc6 bxc6 8. Be2 h6 9. Nf3 e4 10. Ne5 Bc5 11. c3 Bd6 12. f4 0-0 13. d4 exd3 14. Qxd3 Qc7 15. Nd2 Be6 16. 0-0 Rad8 17. Qg3 Nb7 18. Ndc4 Bc5+ 19. Be3 Ne4 20. Qf3 Nd2 21. Nxd2 Rxd2 22. Bxc5 Nxc5 23. Bc4 Rxb2 24. Bxe6 Nxe6 25. Qxc6 Rc8 26. Qxc7 Rxc7 27. Nd3 Rd2 28. Rfd1 Rxd1+ 29. Rxd1 Rxc3 30. Rd2 Rc4 31. g3 g5 32. fxg5 hxg5 33. Kf2 Kg7 34. Rb2 Ra4 35. Nc1 Rc4 36. Nd3 Kf6 37. Ke3 Ra4 38. Rf2+ Ke7 39. Ne5 Nd8 40. h4 Ra3+ 41. Nd3 Ne6 42. hxg5 Nc5 43. Rd2 Kf8 44. Kd4 Nxd3 45. Rxd3 Rxa2 46. Ke5 Kg7 47. Kf5 Ra5+ 48. Kg4 Ra1 49. Rd7 a5 50. Ra7 a4 51. Kf5 a3 52. g6 a2 53. Kg5 Rg1 54. Rxa2 Rxg3+ 55. Kf4 Rxg6 56. Ra8 Rb6 57. Kf5 Rb5+ 58. Kf4 Kg6 59. Ra6+ f6 60. Ra8 Rb4+ 61. Kf3 Kg5 62. Ra5+ f5 63. Ra3 Rh4 64. Kg3 Rh8 65. Rb3 f4+ 66. Kg2 Kg4 67. Ra3 Rb8 68. Kf2 Rb2+ 69. Kf1 Rc2 70. Kg1 Re2 71. Kf1 Rd2 72. Kg1 Kf5 73. Kf1 Ke4 74. Ra4+ Ke3 75. Ra3+ Ke4 76. Ra4+ Kf3 77. Ra3+ Kg4 78. Kg1 Re2 79. Kf1 Re4 80. Kf2 Rb4 81. Kg2 Kf5 82. Kf3 Rb5 83. Rc3 Ra5 84. Rb3 Ke5 85. Rc3 Ra1 86. Rc5+ Kd4 87. Rc8 Rf1+ 1/2-1/2

[Event "Copenhagen Challenge"]
[Site "Ballerup"]
[Date "2018.04.26"]
[Round "3"]
[White "Pajeken, Wolfgang"]
[Black "Strange, Mikkel"]
[Result "1/2-1/2"]
[WhiteElo "2243"]
[BlackElo "2363"]
[PlyCount "269"]
[EventDate "2018.04.25"]
[EventType "swiss"]
[EventRounds "9"]
[EventCountry "DEN"]
[SourceTitle "CBM 184 Extra"]
[Source "ChessBase"]
[SourceDate "2018.06.28"]
[SourceVersion "1"]
[SourceVersionDate "2018.06.28"]
[SourceQuality "1"]

1. d4 d5 2. c4 e6 3. Nf3 c5 4. cxd5 exd5 5. g3 Nc6 6. Bg2 Nf6 7. 0-0 Be7 8. dxc5 Bxc5 9. a3 0-0 10. b4 Be7 11. Bb2 Ne4 12. Nc3 Bf6 13. Rc1 Re8 14. Ba1 Be6 15. e3 Rc8 16. Ne2 Bxa1 17. Rxa1 Bg4 18. h3 Bxf3 19. Bxf3 Qf6 20. Bg2 Rcd8 21. Qc2 Ng5 22. b5 Ne7 23. Nd4 Rc8 24. Qa4 Qb6 25. Rac1 Ne4 26. Qb4 h6 27. Rxc8 Nxc8 28. Ne2 g5 29. a4 a5 30. Qd4 Qxd4 31. Nxd4 Nb6 32. Ra1 Kf8 33. Nb3 Nc4 34. Rd1 Nc3 35. Rd3 Nxa4 36. Nxa5 Nxa5 37. Ra3 Nb6 38. Rxa5 Ke7 39. Ra7 Rb8 40. e4 Kd6 41. exd5 Nd7 42. Ra3 Re8 43. Kf1 Ne5 44. Rc3 Ra8 45. Be4 Ra4 46. f3 Nc4 47. Ke2 Rb4 48. f4 gxf4 49. gxf4 Nb6 50. Kf3 f5 51. Bc2 Nxd5 52. Rc8 Rxf4+ 53. Kg3 Rf1 54. Rh8 f4+ 55. Kh4 Ne3 56. Be4 b6 57. Rxh6+ Ke5 58. Bh7 Rg1 59. Rxb6 f3 60. Rb8 f2 61. Bd3 Kd4 62. Rf8 Kxd3 63. Rxf2 Rb1 64. Kg5 Rxb5+ 65. Kf6 Rh5 66. Ra2 Nd5+ 67. Ke6 Nc3 68. Rh2 Ke4 69. h4 Rh6+ 70. Kf7 Nd5 71. h5 Kf5 72. Rf2+ Nf4 73. Ke7 Ke5 74. Kd7 Nd3 75. Rh2 Kd5 76. Ke7 Ke5 77. Kd7 Nf4 78. Rh1 Rd6+ 79. Kc7 Nd5+ 80. Kb7 Rb6+ 81. Ka7 Rh6 82. Kb7 Kd6 83. Rh2 Kc5 84. Rc2+ Kb5 85. Rb2+ Nb4 86. Kc7 Rxh5 87. Kd6 Kc4 88. Ke6 Nd3 89. Rb1 Kd4 90. Ra1 Nc5+ 91. Kf6 Ne4+ 92. Ke6 Rh6+ 93. Kf5 Rf6+ 94. Kg4 Nc3 95. Ra3 Rf8 96. Kg5 Nd5 97. Ra1 Ne3 98. Ra3 Ke4 99. Ra4+ Ke5 100. Ra5+ Nd5 101. Kg4 Rb8 102. Kf3 Rb3+ 103. Ke2 Ke4 104. Ra4+ Nb4 105. Kd2 Rd3+ 106. Ke2 Rd4 107. Ra8 Nd3 108. Re8+ Ne5 109. Re7 Rd8 110. Rh7 Ng6 111. Kf2 Rd3 112. Ra7 Rf3+ 113. Ke2 Nf4+ 114. Kd2 Rf2+ 115. Kc3 Nd5+ 116. Kb3 Kd4 117. Rd7 Rf8 118. Kc2 Rf2+ 119. Kb3 Rf6 120. Rd8 Rc6 121. Rh8 Rb6+ 122. Kc2 Ne3+ 123. Kc1 Kc3 124. Rc8+ Nc4 125. Kd1 Re6 126. Rc7 Re8 127. Rc6 Kd3 128. Rc7 Kc3 129. Rc6 Kd3 130. Rc7 Nb2+ 131. Kc1 Re2 132. Rd7+ Kc3 133. Rc7+ Nc4 134. Kd1 Rd2+ 135. Ke1 1/2-1/2

[Event "Copenhagen Challenge"]
[Site "Ballerup"]
[Date "2018.04.26"]
[Round "2"]
[White "Strange, Mikkel"]
[Black "Shamin, Aleksey"]
[Result "1-0"]
[WhiteElo "2363"]
[BlackElo "2176"]
[PlyCount "79"]
[EventDate "2018.04.25"]
[EventType "swiss"]
[EventRounds "9"]
[EventCountry "DEN"]
[SourceTitle "CBM 184 Extra"]
[Source "ChessBase"]
[SourceDate "2018.06.28"]
[SourceVersion "1"]
[SourceVersionDate "2018.06.28"]
[SourceQuality "1"]

1. e4 c5 2. c3 d5 3. exd5 Qxd5 4. d4 Nf6 5. Nf3 e6 6. Na3 Be7 7. Nb5 Qd8 8. dxc5 Bxc5 9. Qxd8+ Kxd8 10. b4 a6 11. Nbd4 Bd6 12. Bg5 Ke7 13. Bd3 h6 14. Bh4 Nbd7 15. 0-0 g5 16. Rfe1 Kf8 17. Bg3 Be7 18. a3 Nh5 19. Bc7 Ndf6 20. c4 Bd7 21. g3 Ne8 22. Bb6 Nhf6 23. Ne5 Kg7 24. Nb3 Ba4 25. Nc5 Bxc5 26. Bxc5 Nd7 27. Bd4 Nef6 28. Nxd7 Bxd7 29. f4 g4 30. Bc3 Rhd8 31. h3 Bc6 32. Bc2 gxh3 33. g4 e5 34. Kh2 Nxg4+ 35. Kxh3 h5 36. fxe5 Kh6 37. Kh4 Rd7 38. e6 Re7 39. exf7 Rxf7 40. Re6+ 1-0

[Event "Farum Fureso op"]
[Site "Farum"]
[Date "2016.09.24"]
[Round "4"]
[White "Strange, Mikkel"]
[Black "Hoi, Carsten"]
[Result "1-0"]
[WhiteElo "2370"]
[BlackElo "2390"]
[PlyCount "131"]
[EventDate "2016.09.23"]
[EventType "swiss"]
[EventRounds "4"]
[EventCountry "DEN"]
[SourceTitle "EXT 2024"]
[Source "ChessBase"]
[SourceDate "2023.10.10"]
[SourceVersion "1"]
[SourceVersionDate "2023.10.10"]
[SourceQuality "1"]

1. e4 g6 2. d4 Bg7 3. Nf3 d6 4. Be2 Nf6 5. Nc3 0-0 6. 0-0 a6 7. a4 Nc6 8. Be3 Ng4 9. Bg5 h6 10. Bc1 e5 11. dxe5 Ngxe5 12. Nxe5 Nxe5 13. Be3 Bd7 14. Qd2 Kh7 15. f4 Nc6 16. Rad1 f6 17. b3 Qe8 18. Bf3 Be6 19. f5 Bf7 20. fxg6+ Bxg6 21. Bg4 Ne5 22. Bf5 Bxf5 23. Rxf5 Rd8 24. Nd5 c6 25. Nf4 Ng4 26. h3 Ne5 27. Nh5 Qg6 28. Qe2 d5 29. Nf4 Qf7 30. Bd4 Rde8 31. exd5 Qd7 32. Qh5 cxd5 33. Bxe5 fxe5 34. Rxf8 Rxf8 35. Qg6+ Kh8 36. Rxd5 Qc6 37. Qxc6 bxc6 38. Ng6+ Kg8 39. Ne7+ Kf7 40. Nxc6 Ke6 41. Rd8 Rf7 42. b4 e4 43. b5 axb5 44. axb5 Bf6 45. c4 Kf5 46. Rd5+ Kf4 47. Kf2 Bh4+ 48. Ke2 Kg3 49. b6 Bg5 50. Rxg5+ hxg5 51. Ne5 Re7 52. c5 Rxe5 53. b7 Rxc5 54. b8Q+ Kxg2 55. Qh8 Rf5 56. Qh5 Rf2+ 57. Ke3 Rf3+ 58. Kxe4 Rxh3 59. Qxg5+ Rg3 60. Qd2+ Kh1 61. Kf4 Rg2 62. Qe1+ Rg1 63. Qh4+ Kg2 64. Qg3+ Kf1 65. Qf3+ Ke1 66. Ke3 1-0

[Event "Farum Fureso op"]
[Site "Farum"]
[Date "2016.09.24"]
[Round "4"]
[White "Thuesen, Mogens Henrik"]
[Black "Strange, Mikkel"]
[Result "0-1"]
[WhiteElo "2196"]
[BlackElo "2370"]
[PlyCount "84"]
[EventDate "2016.09.23"]
[EventType "swiss"]
[EventRounds "4"]
[EventCountry "DEN"]
[SourceTitle "EXT 2024"]
[Source "ChessBase"]
[SourceDate "2023.10.10"]
[SourceVersion "1"]
[SourceVersionDate "2023.10.10"]
[SourceQuality "1"]

1. d4 d5 2. c4 e6 3. Nc3 c5 4. cxd5 exd5 5. Nf3 Nc6 6. g3 Nf6 7. Bg2 Be7 8. 0-0 0-0 9. Bg5 c4 10. Ne5 Be6 11. f4 h6 12. Bxf6 Bxf6 13. e3 Bxe5 14. fxe5 Ne7 15. Qh5 Qd7 16. h3 b5 17. g4 b4 18. Ne2 Rac8 19. Ng3 c3 20. bxc3 bxc3 21. Nf5 c2 22. Rac1 Rc3 23. Nxh6+ gxh6 24. Qxh6 Rb8 25. Qg5+ Ng6 26. h4 Rb1 27. Rxb1 cxb1Q 28. Rxb1 Qe7 29. Qxe7 Nxe7 30. Rb7 Nc6 31. Kf2 Rc2+ 32. Kg3 Rxa2 33. g5 a5 34. Rb6 Ne7 35. e4 a4 36. g6 a3 37. Ra6 Ra1 38. gxf7+ Kxf7 39. Kh2 a2 40. h5 dxe4 41. h6 Re1 42. h7 Kg7 0-1

[Event "Kolding Sondex Cup Gp3"]
[Site "Kolding"]
[Date "2016.04.09"]
[Round "2"]
[White "Strange, Mikkel"]
[Black "Hansen, Lars"]
[Result "1-0"]
[WhiteElo "2351"]
[BlackElo "2273"]
[PlyCount "73"]
[EventDate "2016.04.08"]
[EventType "tourn"]
[EventRounds "5"]
[EventCountry "DEN"]
[EventCategory "3"]
[SourceTitle "CBM 171 Extra"]
[Source "ChessBase"]
[SourceDate "2016.04.26"]
[SourceVersion "1"]
[SourceVersionDate "2016.04.26"]
[SourceQuality "1"]

1. e4 e6 2. d4 d5 3. e5 c5 4. c3 Qb6 5. Nf3 Nc6 6. a3 Nge7 7. b4 cxd4 8. cxd4 Nf5 9. Bb2 Bd7 10. g4 Nh6 11. h3 Rc8 12. Nc3 Na5 13. Na4 Qc6 14. bxa5 Qxa4 15. Qxa4 Bxa4 16. a6 b6 17. Bd3 Be7 18. Ke2 0-0 19. Bc1 Bc2 20. Bd2 Bxd3+ 21. Kxd3 Rc4 22. Rhc1 Rfc8 23. a4 Kf8 24. Ng1 Ke8 25. Ne2 Kd7 26. Nc3 Bh4 27. Nb5 Bxf2 28. Rf1 Bh4 29. Nd6 f6 30. Nxc8 fxe5 31. Nxa7 e4+ 32. Ke2 Rc2 33. Rfc1 Rb2 34. Kd1 Nf7 35. Nb5 Ng5 36. a7 Nf3 37. Rc7+ 1-0

[Event "DEN-ch cand"]
[Site "Skorping"]
[Date "2014.04.17"]
[Round "3"]
[White "Matthiesen, Martin"]
[Black "Strange, Mikkel"]
[Result "0-1"]
[WhiteElo "2300"]
[BlackElo "2355"]
[PlyCount "84"]
[EventDate "2014.04.15"]
[EventType "swiss"]
[EventRounds "7"]
[EventCountry "DEN"]
[SourceTitle "EXT 2023"]
[Source "ChessBase"]
[SourceDate "2022.10.05"]
[SourceVersion "1"]
[SourceVersionDate "2022.10.05"]
[SourceQuality "1"]

1. d4 e6 2. c4 f5 3. Nf3 Nf6 4. Nc3 Bb4 5. Qb3 Qe7 6. a3 Bxc3+ 7. Qxc3 0-0 8. e3 b6 9. Be2 Bb7 10. 0-0 d6 11. b3 Nbd7 12. Bb2 Ne4 13. Qc2 Ng5 14. Ne1 f4 15. f3 fxe3 16. Qd3 e5 17. Qxe3 Rae8 18. d5 Bc8 19. Nd3 Nf7 20. Rae1 Nh6 21. Nb4 Nf5 22. Qf2 Nc5 23. Nc6 Qg5 24. b4 Nb3 25. Nxa7 Ne3 26. Nb5 Nxf1 27. Rxf1 e4 28. f4 e3 29. fxg5 exf2+ 30. Rxf2 Nd2 31. h4 Re4 32. g3 Nxc4 33. Rxf8+ Kxf8 34. Bd3 Re1+ 35. Kf2 Nxb2 36. Kxe1 Nxd3+ 37. Kd2 Ne5 38. Kc3 Bd7 39. Nxc7 b5 40. Kd4 Ke7 41. Na8 Kd8 42. Kc3 Be8 0-1